000 00590nam a2200205Ia 4500
003 GCL
008 140319s9999 xx 000 0 ara d
040 _aGCL /
_cGCL
082 0 4 _a229
_bع ت
100 1 _aعبدالله شحاتة
245 1 0 _aتفسير الايات الكونية /
_cعبدالله شحاتة
260 _a[S.N] :
_bدار الاعتصام ،
_c1980
300 _a316 ص
490 _a
650 0 4 _aسور وايات
650 0 4 _aتفسير القران الكريم
650 0 4 _aالاحلام - تفسير
650 0 4 _aالقران
942 _2ddc
_cBK
999 _c52231
_d52231